Gender in communication: A critical introduction (Record no. 1398727)

MARC details
000 -LEADER
fixed length control field 00695nam a2200229Ia 4500
005 - DATE AND TIME OF LATEST TRANSACTION
control field 20250508170024.0
008 - FIXED-LENGTH DATA ELEMENTS--GENERAL INFORMATION
fixed length control field 008 250505s9999 xx 000 0 eng d
020 ## - INTERNATIONAL STANDARD BOOK NUMBER
International Standard Book Number 978-1-5225-2624-7
037 ## - SOURCE OF ACQUISITION
Stock number Reference
040 ## - CATALOGING SOURCE
Original cataloging agency FEDL
Language of cataloging eng
Transcribing agency FEDL
041 ## - LANGUAGE CODE
Language code of text/sound track or separate title eng
Source of code eng
084 ## - COLON CLASSIFICATION NUMBER
Classification number 305.3, PAL/RR
Assigning agency FEDL
100 ## - MAIN ENTRY--PERSONAL NAME
Personal name Palczewski Catherine Helen
9 (RLIN) 782748
245 #0 - TITLE STATEMENT
Title Gender in communication: A critical introduction
250 ## - EDITION STATEMENT
Edition statement 3
260 ## - PUBLICATION, DISTRIBUTION, ETC.
Place of publication, distribution, etc. Thousand Oaks, Calfornia
Name of publisher, distributor, etc. Sage
Date of publication, distribution, etc. 2019
300 ## - PHYSICAL DESCRIPTION
Extent xxviii, 323p.
365 ## - TRADE PRICE
Price type code USD
Price amount 105
700 ## - ADDED ENTRY--PERSONAL NAME
Personal name DeFrancisco Victoria Pruin McGeough Danielle Dick
9 (RLIN) 782749
942 ## - ADDED ENTRY ELEMENTS (KOHA)
Koha item type Reference
Classification part 305.3, PAL/RR
Holdings
Withdrawn status Lost status Damaged status Not for loan Home library Current library Date acquired Cost, normal purchase price Total Checkouts Full call number Barcode Date last seen Price effective from Koha item type
        Department of Education Library Department of Education Library 2025-05-08 105.00   305.3, PAL/RR EL0092389 2025-05-08 2025-05-08 Reference
Copyright @ Delhi University Library System